Edukačná hra "Organická elektronika" vytvorená technológiou VR
Salvato in:
| Autore principale: | |
|---|---|
| Altri autori: | |
| Natura: | Manoscritto Libro |
| Lingua: | slovacco |
| Pubblicazione: |
Bratislava :
STU v Bratislave FEI,
2024
|
| Soggetti: | |
| Accesso online: | https://opac.crzp.sk/?fn=detailBiblioFormChildWRMDO&sid=08878EB2E7E37CD0919A7BC0752B&seo=CRZP-detail-kniha |
| Tags: |
Nessun Tag, puoi essere il primo ad aggiungerne!!
|
MARC
| LEADER | 00000ntm a22000003a 4500 | ||
|---|---|---|---|
| 001 | stuzp86436 | ||
| 003 | SK-STU | ||
| 005 | 20250403143955.4 | ||
| 007 | ta | ||
| 008 | 150427s2015----xo-----f-mn---000-0-slo-d | ||
| 040 | |a STU |b slo | ||
| 041 | 0 | |a slo | |
| 044 | |a xo | ||
| 100 | 1 | |a Kolenčik, Filip |u 033000 |4 aut |U FEI Fakulta elektrotechniky a informatiky |T FEI Ústav elektroniky a fotoniky |X 104498 |U E030 |Y 549 |7 104498 | |
| 242 | 0 | 1 | |a Educational game "Organic Electronics" created by VR technology |y eng |
| 245 | 1 | 0 | |a Edukačná hra "Organická elektronika" vytvorená technológiou VR |
| 260 | |a Bratislava : |b STU v Bratislave FEI, |c 2024 | ||
| 300 | |a 60 s. | ||
| 650 | 4 | |a Virtuálna realita |2 slo | |
| 650 | 4 | |a edukačná hra |2 slo | |
| 650 | 4 | |a organická elektronika |2 slo | |
| 650 | 4 | |a Unity |2 slo | |
| 650 | 4 | |a HTC vive |2 slo | |
| 650 | 4 | |a Virtual reality |2 eng | |
| 650 | 4 | |a educational game |2 eng | |
| 650 | 4 | |a organic electronics |2 eng | |
| 650 | 4 | |a Unity |2 eng | |
| 650 | 4 | |a HTC vive |2 eng | |
| 700 | 1 | |a Stuchlíková, Ľubica |u 033000 |k Z1 |4 ths |U FEI Fakulta elektrotechniky a informatiky |T FEI Ústav elektroniky a fotoniky |X 1997 |U E030 |Y 549 |7 A000001997 | |
| 856 | 4 | |u https://opac.crzp.sk/?fn=detailBiblioFormChildWRMDO&sid=08878EB2E7E37CD0919A7BC0752B&seo=CRZP-detail-kniha | |